[Event "Aeroflot Open"]
[Site "Moscow"]
[Date "2003.02.18"]
[Round "8"]
[White "Pelletier, Yannick"]
[Black "Deviatkin, Andrei"]
[Result "1-0"]
[WhiteElo "2624"]
[BlackElo "2487"]
[PlyCount "57"]
[EventDate "2003.02.10"]
[Source "Roberto Alvarez"]
[SourceDate "2003.02.24"]

1. d4 d5 2. c4 c6 3. Nf3 Nf6 4. Nc3 dxc4 5. a4 Bf5 6. e3 e6 7. Bxc4 Bb4 8. O-O Nbd7 9. Qe2 Bg6 10. e4 O-O 11. Bd3 Bh5 12. e5 Nd5 13. Nxd5 cxd5 14. Qe3 Bg6 15. Ng5 Re8 16. f4 Rc8 17. g4 f6 18. Bxg6 hxg6 19. Nf3 Qc7 20. Qd3 Nf8 21. f5 gxf5 22. gxf5 fxe5 23. Nxe5 exf5 24. Qxf5 Bd6 25. Nf7 Re7 26. Nxd6 Qxd6 27. Qxc8 Qg6+ 28. Bg5 Qxg5+ 29. Kh1 1-0

[Event "Open Acropolis 2008"]
[Site "Atene GRE"]
[Date "2008.08.16"]
[Round "8.3"]
[White "Svetushkin, Dmitry"]
[Black "Zubarev, Alexander"]
[Result "1/2-1/2"]
[WhiteElo "2587"]
[BlackElo "2517"]
[PlyCount "116"]
[EventDate "2008.08.09"]
[Source "www.chesslib.no"]
[SourceDate "2004.05.04"]

1. d4 d5 2. c4 c6 3. Nf3 Nf6 4. Nc3 dxc4 5. a4 Bf5 6. e3 e6 7. Bxc4 Bb4 8. O-O Nbd7 9. Qe2 O-O 10. e4 Bg4 11. Rd1 Qa5 12. e5 Nd5 13. Nxd5 cxd5 14. Bd3 h6 15. h3 Bh5 16. g4 Bg6 17. Bxg6 fxg6 18. Nh4 g5 19. Ng6 Rf7 20. Be3 Nf8 21. Nxf8 Raxf8 22. Rdc1 a6 23. Qd3 Rf3 24. Rc2 Qd8 25. Rac1 Qe8 26. Kg2 R3f7 27. b3 Ba3 28. Rh1 Rf3 29. Ra1 Bb4 30. Rac1 R3f7 31. Kg1 Ba3 32. Ra1 Bb4 33. Qg6 Rd7 34. Qxe8 Rxe8 35. Kg2 Ree7 36. Rc8+ Kf7 37. Rac1 Ba5 38. Kg3 Re8 39. h4 Rxc8 40. Rxc8 gxh4+ 41. Kxh4 Rd8 42. Rxd8 Bxd8+ 43. Kh5 b5 44. axb5 axb5 45. f4 g6+ 46. Kxh6 Bh4 47. Bg1 Be1 48. g5 Bd2 49. f5 gxf5 50. Bf2 Kg8 51. Kg6 f4 52. Kf6 Be3 53. Bh4 f3 54. Kxe6 Bxd4 55. Kxd5 f2 56. Bxf2 Bxf2 57. Kc6 Bh4 58. g6 Kg7 1/2-1/2

[Event "RUS-ch"]
[Site "Elista"]
[Date "1995.??.??"]
[Round "10"]
[White "Razuvaev, Yuri S"]
[Black "Solozhenkin, Evgeniy"]
[Result "1-0"]
[WhiteElo "2585"]
[BlackElo "2515"]
[PlyCount "47"]
[EventDate "1995.10.??"]
[Source "ChessBase"]

1. d4 Nf6 2. c4 c6 3. Nc3 d5 4. Nf3 dxc4 5. a4 Bf5 6. e3 e6 7. Bxc4 Bb4 8. O-O Nbd7 9. Qe2 Bg4 10. Rd1 O-O 11. e4 Qa5 12. h3 Bxf3 13. Qxf3 e5 14. d5 Bxc3 15. bxc3 Nb6 16. Bb3 cxd5 17. exd5 Rfc8 18. c4 Nxc4 19. Bg5 Ne8 20. Bxc4 Rxc4 21. d6 e4 22. Qb3 Rb4 23. Qc3 Rb5 24. Qxa5 1-0

[Event "Budapest FS05 GM"]
[Site "Budapest"]
[Date "1996.??.??"]
[Round "10"]
[White "Dao Thien Hai"]
[Black "Horvath, Csaba"]
[Result "1/2-1/2"]
[WhiteElo "2560"]
[BlackElo "2540"]
[PlyCount "26"]
[EventDate "1996.05.??"]
[Source "ChessBase"]

1. d4 d5 2. c4 c6 3. Nf3 Nf6 4. Nc3 dxc4 5. a4 Bf5 6. Nh4 Bc8 7. Nf3 Bf5 8. e3 e6 9. Bxc4 Bb4 10. O-O Nbd7 11. Qe2 O-O 12. e4 Bg6 13. Bd3 Bh5 1/2-1/2

[Event "Valby K41"]
[Site "Valby"]
[Date "1991.??.??"]
[Round "6"]
[White "Razuvaev, Yuri S"]
[Black "Hector, Jonny"]
[Result "1/2-1/2"]
[WhiteElo "2590"]
[BlackElo "2500"]
[PlyCount "86"]
[EventDate "1991.09.??"]
[Source "ChessBase"]

1. d4 d5 2. c4 c6 3. Nf3 Nf6 4. Nc3 dxc4 5. a4 Bf5 6. e3 e6 7. Bxc4 Bb4 8. O-O Nbd7 9. Qe2 Bg6 10. e4 O-O 11. Bd3 Re8 12. e5 Nd5 13. Bxg6 fxg6 14. Ne4 h6 15. a5 Be7 16. Bd2 a6 17. b4 Nf8 18. Rab1 Rb8 19. h4 Bxh4 20. Nd6 Be7 21. Nxe8 Qxe8 22. Ne1 g5 23. Qe4 Qf7 24. Nd3 Qf5 25. f3 Nc7 26. Be3 Nd5 27. Bd2 Nc7 28. Rbc1 Rd8 29. Rfd1 Qxe4 30. fxe4 Rxd4 31. Be3 Rxe4 32. Bc5 Ng6 33. Bxe7 Nxe7 34. Nc5 Rxe5 35. Rd8+ Kf7 36. Nxb7 Ncd5 37. Nc5 Nf5 38. Rd7+ Kg6 39. g4 Nh4 40. Kf2 Re3 41. Rc4 Rh3 42. Re4 Rh2+ 43. Kf1 Rh1+ 1/2-1/2

[Event "URS-FL49"]
[Site "Volgodonsk"]
[Date "1981.??.??"]
[Round "6"]
[White "Rashkovsky, Nukhim N"]
[Black "Vasiukov, Evgeni"]
[Result "1/2-1/2"]
[WhiteElo "2540"]
[BlackElo "2545"]
[PlyCount "39"]
[EventDate "1981.10.??"]
[Source "ChessBase"]

1. d4 d5 2. c4 c6 3. Nf3 Nf6 4. Nc3 dxc4 5. a4 Bf5 6. e3 e6 7. Bxc4 Bb4 8. O-O Nbd7 9. Qe2 O-O 10. h3 Ne4 11. Nxe4 Bxe4 12. Rd1 Qe7 13. Bd2 Bxf3 14. Qxf3 Bxd2 15. Rxd2 Qb4 16. Rc2 Nb6 17. Bd3 a5 18. h4 Qd6 19. h5 h6 20. g3 1/2-1/2

[Event "Reno"]
[Site "?"]
[Date "1999.??.??"]
[Round "?"]
[White "Yermolinsky, A."]
[Black "Finegold, B."]
[Result "1-0"]
[WhiteElo "2585"]
[BlackElo "2500"]
[PlyCount "83"]
[EventDate "1999.??.??"]
[Source "Chess Informant"]
[SourceDate "1999.06.01"]

1. d4 d5 2. c4 c6 3. Nf3 Nf6 4. Nc3 dxc4 5. a4 Bf5 6. e3 e6 7. Bxc4 Bb4 8. O-O Nbd7 9. Qe2 O-O 10. e4 Bg6 11. Bd3 a6 12. e5 Nd5 13. Bxg6 fxg6 14. Ne4 c5 15. Rd1 cxd4 16. Nxd4 Qe7 17. Ng5 Nc7 18. Ngf3 Nb6 19. Bg5 Qe8 20. Bd2 Bxd2 21. Nxd2 Nbd5 22. Ne4 Qe7 23. g3 Rfd8 24. Rac1 Rab8 25. h4 Qe8 26. Qg4 Rd7 27. Nc5 Re7 28. Ncxe6 Nxe6 29. Nxe6 Ne3 30. fxe3 Rxe6 31. Rc7 Rc8 32. Rxb7 h5 33. Qd4 Rxe5 34. Qa7 Qf8 35. Rf1 Rf5 36. Qxa6 Rc2 37. Qe6+ Kh8 38. Rxf5 gxf5 39. Re7 Rc8 40. Qf7 Rc1+ 41. Kf2 Rc2+ 42. Kf3 1-0

[Event "Deutschland"]
[Site "?"]
[Date "1994.??.??"]
[Round "?"]
[White "Christiansen, L."]
[Black "Sher, M."]
[Result "1-0"]
[WhiteElo "2560"]
[BlackElo "2520"]
[PlyCount "73"]
[EventDate "1994.??.??"]
[Source "ChessBase"]
[SourceDate "1994.06.01"]

1. d4 d5 2. c4 c6 3. Nf3 Nf6 4. Nc3 dxc4 5. a4 Bf5 6. e3 e6 7. Bxc4 Bb4 8. O-O Nbd7 9. Qe2 Bg6 10. e4 O-O 11. Bd3 h6 12. Bf4 Re8 13. h3 a6 14. Rfd1 Qb6 15. e5 Nd5 16. Nxd5 cxd5 17. Nh4 Qxd4 18. Nxg6 fxg6 19. Bg3 Qb6 20. Bxg6 Rec8 21. Kh2 Nf8 22. Bd3 Rc7 23. f4 g6 24. a5 Qc6 25. Bf2 Qe8 26. g4 Rc6 27. Rf1 Bc5 28. Bxc5 Rxc5 29. f5 exf5 30. gxf5 d4 31. fxg6 Rxe5 32. Bc4+ Kg7 33. Rf7+ Qxf7 34. Qxe5+ Qf6 35. Qc7+ Kh8 36. Rf1 Qg7 37. Rf7 1-0

[Event "ESP Team Ch"]
[Site "Cala Galdana ESP"]
[Date "1994.??.??"]
[Round "?"]
[White "San Segundo Carrillo, Pablo"]
[Black "Morovic Fernandez, Ivan E"]
[Result "0-1"]
[WhiteElo "2470"]
[BlackElo "2605"]
[PlyCount "48"]
[EventDate "1994.??.??"]
[Source "www.chesslib.no"]
[SourceDate "2004.05.04"]

1. d4 d5 2. c4 c6 3. Nc3 Nf6 4. Nf3 dxc4 5. a4 Bf5 6. e3 e6 7. Bxc4 Bb4 8. O-O Nbd7 9. Qe2 Bg6 10. e4 O-O 11. Bd3 Qa5 12. Bf4 c5 13. Nb5 a6 14. Bc7 b6 15. Nd6 cxd4 16. Rfc1 Ra7 17. e5 Bxd3 18. Qxd3 Nxe5 19. Nxe5 Rxc7 20. Nc6 Qg5 21. Ne4 Nxe4 22. Qxe4 Rfc8 23. Rc4 a5 24. Rac1 Rxc6 0-1

[Event "Las Palmas Open"]
[Site "Las Palmas ESP"]
[Date "1994.??.??"]
[Round "?"]
[White "Komljenovic, Davor"]
[Black "Morovic Fernandez, Ivan E"]
[Result "0-1"]
[WhiteElo "2470"]
[BlackElo "2605"]
[PlyCount "102"]
[EventDate "1994.??.??"]
[Source "www.chesslib.no"]
[SourceDate "2004.05.04"]

1. d4 Nf6 2. Nf3 d5 3. c4 c6 4. Nc3 dxc4 5. a4 Bf5 6. e3 e6 7. Bxc4 Bb4 8. O-O Nbd7 9. Qe2 Bg6 10. e4 O-O 11. Bd3 Qa5 12. Bf4 c5 13. Nb5 a6 14. Bc7 b6 15. Nd6 cxd4 16. Nxd4 Qc5 17. Rac1 Qxd4 18. Rc4 Qxd6 19. Bxd6 Bxd6 20. b4 a5 21. bxa5 Rxa5 22. Bc2 Bc5 23. h3 Ne5 24. Rxc5 Rxc5 25. f4 Nc6 26. Bb1 h5 27. f5 exf5 28. exf5 Bh7 29. Qb2 Rb8 30. Rc1 Rxc1+ 31. Qxc1 Rc8 32. Qb2 Nd7 33. Qc1 Ne7 34. Qf4 Nf6 35. Bd3 Ned5 36. Qd6 g5 37. fxg6 Bxg6 38. Bxg6 Rc1+ 39. Kh2 fxg6 40. a5 bxa5 41. Qd8+ Kg7 42. Qxa5 Rc2 43. Qa4 Re2 44. Qc4 Rxg2+ 45. Kh1 Rf2 46. Qd4 Rf3 47. Kg2 Re3 48. Qa7+ Kh6 49. Qb8 g5 50. Kh2 Nf4 51. Qf8+ Kg6 0-1

[Event "Russia (ch-m/1)"]
[Site "?"]
[Date "1999.??.??"]
[Round "?"]
[White "Lugovoi, A."]
[Black "Kobalija, M."]
[Result "0-1"]
[WhiteElo "2505"]
[BlackElo "2570"]
[PlyCount "82"]
[EventDate "1999.??.??"]
[Source "Chess Informant"]
[SourceDate "1999.10.01"]

1. d4 d5 2. c4 c6 3. Nc3 Nf6 4. Nf3 dxc4 5. a4 Bf5 6. e3 e6 7. Bxc4 Bb4 8. O-O Nbd7 9. Qe2 O-O 10. e4 Bg6 11. Bd3 Bh5 12. Bf4 Qe7 13. e5 Nd5 14. Nxd5 cxd5 15. Qe3 Rfc8 16. Rfc1 Bg6 17. Bf1 Qd8 18. Qe2 a6 19. Bd2 Be7 20. Ne1 Rxc1 21. Rxc1 Nb8 22. Bc3 Nc6 23. Qd2 Rc8 24. Be2 h6 25. g3 Qb6 26. a5 Qd8 27. Ra1 Be4 28. f3 Bg6 29. h4 Qf8 30. Nd3 Na7 31. Nf4 Bh7 32. Kg2 Nb5 33. Bxb5 axb5 34. Nd3 Qe8 35. Kh3 b4 36. Nxb4 Bxb4 37. Bxb4 Rc2 38. Qe3 Qb5 39. Bc3 Re2 40. Qf4 Qd3 41. Rg1 Rf2 0-1

[Event "Bad Woerishofen op"]
[Site "Bad Woerishofen"]
[Date "2001.03.23"]
[Round "9"]
[White "Filippov, Valerij"]
[Black "Kupreichik, Viktor D"]
[Result "1-0"]
[WhiteElo "2619"]
[BlackElo "2453"]
[PlyCount "67"]
[EventDate "2001.03.15"]
[Source "ChessBase"]
[SourceDate "2001.05.06"]

1. d4 d5 2. Nf3 Nf6 3. c4 c6 4. Nc3 dxc4 5. a4 Bf5 6. e3 e6 7. Bxc4 Bb4 8. O-O Nbd7 9. Qe2 Bg6 10. e4 O-O 11. Bd3 Rc8 12. Bf4 Qa5 13. Na2 Be7 14. b4 Qd8 15. Rab1 a5 16. bxa5 c5 17. Rxb7 cxd4 18. a6 Nc5 19. Rd1 Nfxe4 20. Ne5 Nxd3 21. Qxd3 Nxf2 22. Nxg6 Nxd3 23. Nxe7+ Qxe7 24. Rxe7 Nxf4 25. Nb4 Rfd8 26. a7 g5 27. Rb7 d3 28. g3 d2 29. Kf2 Nh3+ 30. Ke2 Kg7 31. Rxd2 Ng1+ 32. Ke3 Rf8 33. Na6 Rc6 34. Nb8 1-0

[Event "Hastings Challengers 9091"]
[Site "Hastings"]
[Date "1990.??.??"]
[Round "?"]
[White "Vladimirov, Evgeny"]
[Black "Tischbierek, Raj"]
[Result "1-0"]
[WhiteElo "2575"]
[BlackElo "2495"]
[PlyCount "67"]
[EventDate "1990.12.??"]
[Source "ChessBase"]

1. d4 d5 2. c4 c6 3. Nf3 Nf6 4. Nc3 dxc4 5. a4 Bf5 6. e3 e6 7. Bxc4 Bb4 8. O-O Nbd7 9. Qe2 Bg6 10. e4 O-O 11. Bd3 Re8 12. e5 Nd5 13. Bxg6 fxg6 14. Ne4 h6 15. a5 a6 16. Bd2 Be7 17. Ne1 Kh7 18. Nd3 Rf8 19. Qg4 Rf7 20. b4 Nf8 21. Ndc5 Qc8 22. Ra3 Rb8 23. Rfa1 Kg8 24. h4 Qd8 25. h5 g5 26. Re1 Rf5 27. Nxe6 Nxe6 28. Qxf5 Nxd4 29. Qg6 Qe8 30. Qxe8+ Rxe8 31. Rd3 Nc2 32. Rb1 Ncxb4 33. Rdb3 c5 34. Rc1 1-0